| 000 | 01639nam a2200253Ia 4500 | ||
|---|---|---|---|
| 003 | Ost | ||
| 005 | 20260507074933.0 | ||
| 008 | 260507s9999||||xx |||||||||||||| ||und|| | ||
| 020 | _a9789957243258 | ||
| 040 | _cfsecg | ||
| 041 | _aara | ||
| 082 | _a330.01 | ||
| 100 |
_aالشمري، هاشم _eمؤلف |
||
| 245 | 0 |
_aالاقتصاد المعرفي / _c هاشم الشمري |
|
| 250 | _aطبعة 1 | ||
| 260 |
_aعمان: _bدار صفاء للنشر, _c2008 |
||
| 300 |
_a260 صفحة؛ _c24 سم |
||
| 504 | _aبيبليوغرافيا ص.247 | ||
| 520 | _aالاطار النظري والمفاهيمي مفهوم الاقتصاد المعرفي ، مؤشرات الاقتصاد المعرفي معطيات ثورة تكنولوجيا المعلومات التطورات التقنية على المستوى العالمي ، الاقتصاد اليبانب والمساندة الجديدة ، التنين الأسيوي يثبت جدارته في ظل الاقتصاد الجديد ، الواقع ةالافاق المستقبلية للاقتصاد الهندي في ظل اقتصاد المعرفة الاقتصاد العربي صحوة متأخرة أم محكاة للنهوض العالمي الاقتصاد المصري والمتغيرات الاقتصادية الجديدة ،المملكة العربية السعودية والاقتصاد الجديد ، الامارات العربية المتحدة ومحاولة اللحاق بالركب الجديد | ||
| 653 | _aاقتصاد معرفي | ||
| 653 | _aالاقتصاد الثقافي | ||
| 653 | _aالمعرفة | ||
| 942 | _cكتاب | ||
| 999 |
_c41865 _d41865 |
||